000
00454nam a2200181Ia 4500
008
100917s9999 xx 000 0 und d
082
_b
43476
100
_a
मोरे महादेव
245
_a
झळा
260
_b
अजब पुस्तकालय
_c
1980
300
_a
250
365
_b
25
520
_a
कादंबरी
630
_a
झळा
650
_a
कादंबरी
730
_a
झळा
942
_c
BOOK
999
_c
648870
_d
648867